[Event "DVM U10 2023"]
[Site "Magdeburg GER"]
[Date "2023.12.28"]
[Round "3"]
[White "Lange, Fynn Jeremy"]
[Black "Schwetz, Emil Oliver"]
[Result "1-0"]
[Termination "normal"]
[Board "1.2"]
[WhiteElo "1603"]
[BlackElo "1411"]
[WhiteClock "00:02:32"]
[BlackClock "00:07:24"]
[WhiteTeam "TV Tegernsee"]
[BlackTeam "SK Münster 32"]
[PlyCount "109"]
[WhiteFideId "34616365"]
[BlackFideId "34664041"]
[EventCountry "GER"]
[EventRounds "7"]
[EventType "team-swiss"]
[EventDate "2023.12.27"]

1. c4 {[%clk 00:55:01]} {[%emt 00:00:08]} e5 {[%clk 00:54:57]} {[%emt
00:00:13]} 2. g3 {[%clk 00:54:34]} {[%emt 00:00:32]} c6 {[%clk 00:54:32]}
{[%emt 00:00:30]} 3. d4 {[%clk 00:54:19]} {[%emt 00:00:20]} exd4 {[%clk
00:54:00]} {[%emt 00:00:37]} 4. Qxd4 {[%clk 00:54:11]} {[%emt 00:00:13]} Nf6
{[%clk 00:53:38]} {[%emt 00:00:27]} 5. Bg2 {[%clk 00:53:26]} {[%emt 00:00:50]}
Na6 {[%clk 00:50:19]} {[%emt 00:03:25]} 6. Nf3 {[%clk 00:48:40]} {[%emt
00:04:50]} Bc5 {[%clk 00:49:29]} {[%emt 00:00:54]} 7. Qe5+ {[%clk 00:47:10]}
{[%emt 00:01:35]} Qe7 {[%clk 00:49:00]} {[%emt 00:00:35]} 8. Qxe7+ {[%clk
00:46:45]} {[%emt 00:00:30]} Bxe7 {[%clk 00:48:51]} {[%emt 00:00:14]} 9. O-O
{[%clk 00:45:18]} {[%emt 00:01:32]} O-O {[%clk 00:47:34]} {[%emt 00:01:23]} 10.
Nc3 {[%clk 00:42:17]} {[%emt 00:03:06]} d5 {[%clk 00:45:20]} {[%emt 00:02:19]}
11. cxd5 {[%clk 00:40:54]} {[%emt 00:01:27]} cxd5 {[%clk 00:43:19]} {[%emt
00:02:07]} 12. Bg5 {[%clk 00:38:34]} {[%emt 00:02:24]} Be6 {[%clk 00:40:13]}
{[%emt 00:03:11]} 13. Rfd1 {[%clk 00:36:25]} {[%emt 00:02:14]} Rfd8 {[%clk
00:39:35]} {[%emt 00:00:42]} 14. Nd4 {[%clk 00:33:08]} {[%emt 00:03:24]} h6
{[%clk 00:38:40]} {[%emt 00:01:00]} 15. Bf4 {[%clk 00:31:32]} {[%emt 00:01:40]}
Nh5 {[%clk 00:37:28]} {[%emt 00:01:17]} 16. Be3 {[%clk 00:31:14]} {[%emt
00:00:24]} Bb4 {[%clk 00:36:12]} {[%emt 00:01:20]} 17. Rac1 {[%clk 00:30:00]}
{[%emt 00:01:19]} Bxc3 {[%clk 00:35:47]} {[%emt 00:00:30]} 18. Rxc3 {[%clk
00:29:47]} {[%emt 00:00:18]} Rac8 {[%clk 00:34:31]} {[%emt 00:01:21]} 19. Rdc1
{[%clk 00:29:39]} {[%emt 00:00:13]} Rxc3 {[%clk 00:33:14]} {[%emt 00:01:22]}
20. Rxc3 {[%clk 00:29:38]} {[%emt 00:00:07]} Nf6 {[%clk 00:30:05]} {[%emt
00:03:13]} 21. h3 {[%clk 00:28:46]} {[%emt 00:00:57]} Nd7 {[%clk 00:29:08]}
{[%emt 00:01:03]} 22. Nb3 {[%clk 00:26:43]} {[%emt 00:02:08]} b6 {[%clk
00:27:11]} {[%emt 00:02:01]} 23. f4 {[%clk 00:24:24]} {[%emt 00:02:24]} f6
{[%clk 00:25:02]} {[%emt 00:02:13]} 24. Bd4 {[%clk 00:22:26]} {[%emt 00:02:04]}
Nb4 {[%clk 00:21:39]} {[%emt 00:03:27]} 25. a3 {[%clk 00:21:30]} {[%emt
00:01:02]} Na6 {[%clk 00:20:59]} {[%emt 00:00:44]} 26. Rc6 {[%clk 00:20:27]}
{[%emt 00:01:09]} Kf7 {[%clk 00:20:16]} {[%emt 00:00:47]} 27. g4 {[%clk
00:19:42]} {[%emt 00:00:52]} Ndb8 {[%clk 00:19:18]} {[%emt 00:01:02]} 28. Rc3
{[%clk 00:19:15]} {[%emt 00:00:32]} Bc8 {[%clk 00:17:53]} {[%emt 00:01:29]} 29.
Bxd5+ {[%clk 00:18:54]} {[%emt 00:00:28]} Rxd5 {[%clk 00:17:26]} {[%emt
00:00:32]} 30. Rxc8 {[%clk 00:18:53]} {[%emt 00:00:06]} Rb5 {[%clk 00:17:07]}
{[%emt 00:00:23]} 31. Nd2 {[%clk 00:18:13]} {[%emt 00:00:45]} Rd5 {[%clk
00:15:52]} {[%emt 00:01:20]} 32. Nf3 {[%clk 00:17:45]} {[%emt 00:00:32]} Rd7
{[%clk 00:14:37]} {[%emt 00:01:20]} 33. b4 {[%clk 00:16:26]} {[%emt 00:01:25]}
Rc7 {[%clk 00:14:21]} {[%emt 00:00:21]} 34. Rxc7+ {[%clk 00:14:55]} {[%emt
00:01:36]} Nxc7 {[%clk 00:14:20]} {[%emt 00:00:06]} 35. e4 {[%clk 00:14:00]}
{[%emt 00:00:59]} Nb5 {[%clk 00:14:05]} {[%emt 00:00:21]} 36. Bb2 {[%clk
00:14:00]} {[%emt 00:00:06]} Nc6 {[%clk 00:13:54]} {[%emt 00:00:15]} 37. Kf2
{[%clk 00:12:57]} {[%emt 00:01:08]} a5 {[%clk 00:12:34]} {[%emt 00:01:26]} 38.
bxa5 {[%clk 00:12:28]} {[%emt 00:00:34]} Nxa5 {[%clk 00:12:29]} {[%emt
00:00:10]} 39. Nd2 {[%clk 00:12:17]} {[%emt 00:00:15]} Nd6 {[%clk 00:12:10]}
{[%emt 00:00:23]} 40. Bc3 {[%clk 00:10:02]} {[%emt 00:02:22]} Nac4 {[%clk
00:11:44]} {[%emt 00:00:30]} 41. Nxc4 {[%clk 00:09:56]} {[%emt 00:00:12]} Nxc4
{[%clk 00:11:02]} {[%emt 00:00:48]} 42. Bb4 {[%clk 00:09:55]} {[%emt 00:00:05]}
Ke6 {[%clk 00:10:46]} {[%emt 00:00:21]} 43. Ke2 {[%clk 00:09:30]} {[%emt
00:00:29]} b5 {[%clk 00:10:16]} {[%emt 00:00:36]} 44. Bc5 {[%clk 00:07:59]}
{[%emt 00:01:36]} g5 {[%clk 00:09:40]} {[%emt 00:00:40]} 45. fxg5 {[%clk
00:05:33]} {[%emt 00:02:32]} fxg5 {[%clk 00:09:35]} {[%emt 00:00:10]} 46. Bf8
{[%clk 00:05:15]} {[%emt 00:00:23]} Ke5 {[%clk 00:09:09]} {[%emt 00:00:30]} 47.
Bxh6 {[%clk 00:04:48]} {[%emt 00:00:32]} Kxe4 {[%clk 00:08:48]} {[%emt
00:00:27]} 48. Bxg5 {[%clk 00:04:47]} {[%emt 00:00:06]} Nxa3 {[%clk 00:08:21]}
{[%emt 00:00:32]} 49. Be7 {[%clk 00:04:42]} {[%emt 00:00:09]} Nc2 {[%emt
00:00:21]} 50. Bf6 {[%clk 00:04:06]} {[%emt 00:00:40]} b4 {[%clk 00:07:55]}
{[%emt 00:00:17]} 51. h4 {[%clk 00:03:25]} {[%emt 00:00:46]} Kf4 {[%clk
00:07:47]} {[%emt 00:00:12]} 52. h5 {[%clk 00:03:07]} {[%emt 00:00:23]} Nd4+
{[%clk 00:07:27]} {[%emt 00:00:26]} 53. Bxd4 {[%clk 00:03:09]} {[%emt
00:00:03]} Kg5 {[%clk 00:07:27]} {[%emt 00:00:05]} 54. Kf3 {[%clk 00:02:37]}
{[%emt 00:00:37]} b3 {[%clk 00:07:24]} {[%emt 00:00:08]} 55. Bg7 {[%clk
00:02:32]} {[%emt 00:00:09]} 1-0

[Event "DVM U10 2023"]
[Site "Magdeburg GER"]
[Date "2023.12.28"]
[Round "3"]
[White "Stentrup, Levi"]
[Black "Hagn, Tobias"]
[Result "1-0"]
[Termination "normal"]
[Board "1.3"]
[WhiteElo "1169"]
[BlackElo "1385"]
[WhiteClock "00:40:46"]
[BlackClock "00:12:14"]
[WhiteTeam "SK Münster 32"]
[BlackTeam "TV Tegernsee"]
[PlyCount "109"]
[WhiteFideId "34692509"]
[BlackFideId "34623728"]
[EventCountry "GER"]
[EventRounds "7"]
[EventType "team-swiss"]
[EventDate "2023.12.27"]

1. e4 {[%clk 00:55:09]} {[%emt 12:48:16]} e5 {[%clk 00:55:03]} {[%emt
00:00:07]} 2. d4 {[%clk 00:55:09]} {[%emt 00:00:05]} exd4 {[%clk 00:55:02]}
{[%emt 00:00:06]} 3. Nf3 {[%clk 00:55:07]} {[%emt 00:00:07]} d5 {[%clk
00:54:53]} {[%emt 00:00:15]} 4. Qxd4 {[%clk 00:55:00]} {[%emt 00:00:11]} Nf6
{[%clk 00:54:35]} {[%emt 00:00:24]} 5. Qe5+ {[%clk 00:54:34]} {[%emt 00:00:30]}
Be7 {[%clk 00:54:07]} {[%emt 00:00:33]} 6. exd5 {[%clk 00:54:30]} {[%emt
00:00:10]} Qxd5 {[%clk 00:53:33]} {[%emt 00:00:38]} 7. Qxc7 {[%clk 00:54:13]}
{[%emt 00:00:21]} Nc6 {[%clk 00:52:48]} {[%emt 00:00:50]} 8. Nc3 {[%clk
00:53:33]} {[%emt 00:00:45]} Qe6+ {[%clk 00:52:09]} {[%emt 00:00:44]} 9. Be3
{[%clk 00:53:05]} {[%emt 00:00:34]} Bd6 {[%clk 00:51:39]} {[%emt 00:00:34]} 10.
Ng5 {[%clk 00:51:32]} {[%emt 00:01:37]} Qxe3+ {[%clk 00:50:14]} {[%emt
00:01:31]} 11. fxe3 {[%clk 00:51:25]} {[%emt 00:00:12]} Bxc7 {[%clk 00:50:12]}
{[%emt 00:00:07]} 12. Bc4 {[%clk 00:51:16]} {[%emt 00:00:14]} O-O {[%clk
00:49:31]} {[%emt 00:00:46]} 13. O-O {[%clk 00:50:50]} {[%emt 00:00:31]} Ne5
{[%clk 00:48:49]} {[%emt 00:00:48]} 14. Bd3 {[%clk 00:48:51]} {[%emt 00:02:04]}
Nxd3 {[%clk 00:47:51]} {[%emt 00:01:03]} 15. cxd3 {[%clk 00:48:49]} {[%emt
00:00:06]} Ng4 {[%clk 00:47:43]} {[%emt 00:00:13]} 16. Nd5 {[%clk 00:47:15]}
{[%emt 00:01:39]} Bxh2+ {[%clk 00:46:03]} {[%emt 00:01:45]} 17. Kh1 {[%clk
00:47:11]} {[%emt 00:00:09]} Bb8 {[%clk 00:45:46]} {[%emt 00:00:22]} 18. Ne7+
{[%clk 00:47:07]} {[%emt 00:00:09]} Kh8 {[%clk 00:44:29]} {[%emt 00:01:22]} 19.
Nxf7+ {[%clk 00:47:10]} {[%emt 00:00:02]} Rxf7 {[%clk 00:44:25]} {[%emt
00:00:09]} 20. Rxf7 {[%clk 00:47:09]} {[%emt 00:00:06]} h6 {[%clk 00:43:51]}
{[%emt 00:00:39]} 21. Nxc8 {[%clk 00:46:57]} {[%emt 00:00:18]} Be5 {[%clk
00:43:17]} {[%emt 00:00:38]} 22. Ne7 {[%clk 00:46:03]} {[%emt 00:00:59]} Bxb2
{[%clk 00:41:59]} {[%emt 00:01:24]} 23. Rb1 {[%clk 00:45:59]} {[%emt 00:00:08]}
Bf6 {[%clk 00:41:59]} {[%emt 00:00:05]} 24. Rxb7 {[%clk 00:45:14]} {[%emt
00:00:49]} Ne5 {[%clk 00:41:54]} {[%emt 00:00:11]} 25. Rxa7 {[%clk 00:44:21]}
{[%emt 00:00:58]} Rxa7 {[%clk 00:40:56]} {[%emt 00:01:03]} 26. Ng6+ {[%clk
00:44:11]} {[%emt 00:00:15]} Nxg6 {[%clk 00:40:51]} {[%emt 00:00:10]} 27. Rxa7
{[%clk 00:44:14]} {[%emt 00:00:02]} Ne5 {[%clk 00:40:43]} {[%emt 00:00:13]} 28.
Ra8+ {[%clk 00:43:31]} {[%emt 00:00:47]} Kh7 {[%clk 00:40:36]} {[%emt
00:00:13]} 29. a4 {[%clk 00:43:34]} {[%emt 00:00:03]} Nxd3 {[%clk 00:39:27]}
{[%emt 00:01:12]} 30. a5 {[%clk 00:43:31]} {[%emt 00:00:09]} Nf2+ {[%clk
00:39:29]} {[%emt 00:00:04]} 31. Kg1 {[%clk 00:43:30]} {[%emt 00:00:05]} Ng4
{[%clk 00:39:28]} {[%emt 00:00:06]} 32. a6 {[%clk 00:43:29]} {[%emt 00:00:07]}
Nxe3 {[%clk 00:39:10]} {[%emt 00:00:23]} 33. a7 {[%clk 00:43:28]} {[%emt
00:00:06]} Ng4 {[%clk 00:37:58]} {[%emt 00:01:17]} 34. Rh8+ {[%clk 00:43:25]}
{[%emt 00:00:08]} Kxh8 {[%clk 00:37:54]} {[%emt 00:00:09]} 35. a8=Q+ {[%emt
00:00:11]} Kh7 {[%emt 00:00:08]} 36. Qe4+ {[%clk 00:43:04]} {[%emt 00:00:06]}
g6 {[%clk 00:37:08]} {[%emt 00:00:52]} 37. Qxg4 {[%clk 00:43:02]} {[%emt
00:00:06]} h5 {[%clk 00:36:42]} {[%emt 00:00:32]} 38. Qf4 {[%clk 00:42:49]}
{[%emt 00:00:18]} Bg7 {[%clk 00:35:51]} {[%emt 00:00:57]} 39. g4 {[%clk
00:42:44]} {[%emt 00:00:10]} hxg4 {[%clk 00:34:26]} {[%emt 00:01:30]} 40. Qxg4
{[%clk 00:42:40]} {[%emt 00:00:10]} Bh6 {[%clk 00:33:26]} {[%emt 00:01:04]} 41.
Qd7+ {[%clk 00:42:18]} {[%emt 00:00:26]} Bg7 {[%clk 00:33:16]} {[%emt
00:00:16]} 42. Kh2 {[%clk 00:42:20]} {[%emt 00:00:03]} Kh6 {[%clk 00:32:48]}
{[%emt 00:00:33]} 43. Qg4 {[%clk 00:41:45]} {[%emt 00:00:39]} Kh7 {[%clk
00:32:42]} {[%emt 00:00:12]} 44. Kh3 {[%clk 00:41:41]} {[%emt 00:00:09]} Bf6
{[%clk 00:31:01]} {[%emt 00:01:46]} 45. Qe6 {[%clk 00:41:15]} {[%emt 00:00:30]}
Bg7 {[%clk 00:25:55]} {[%emt 00:05:11]} 46. Kg4 {[%clk 00:41:03]} {[%emt
00:00:18]} Kh6 {[%clk 00:23:53]} {[%emt 00:02:06]} 47. Qe3+ {[%clk 00:41:02]}
{[%emt 00:00:06]} Kh7 {[%clk 00:23:50]} {[%emt 00:00:08]} 48. Qh3+ {[%clk
00:41:05]} {[%emt 00:00:02]} Kg8 {[%clk 00:23:35]} {[%emt 00:00:20]} 49. Kg5
{[%clk 00:41:06]} {[%emt 00:00:03]} Bd4 {[%clk 00:18:54]} {[%emt 00:04:47]} 50.
Qe6+ {[%clk 00:40:45]} {[%emt 00:00:26]} Kh7 {[%clk 00:16:15]} {[%emt
00:02:41]} 51. Qd7+ {[%clk 00:40:39]} {[%emt 00:00:14]} Bg7 {[%clk 00:16:12]}
{[%emt 00:00:08]} 52. Qc7 {[%clk 00:40:41]} {[%emt 00:00:03]} Kg8 {[%clk
00:13:38]} {[%emt 00:02:39]} 53. Kxg6 {[%clk 00:40:43]} {[%emt 00:00:02]} Bh6
{[%clk 00:12:20]} {[%emt 00:01:22]} 54. Qf7+ {[%clk 00:40:46]} {[%emt
00:00:04]} Kh8 {[%clk 00:12:14]} {[%emt 00:00:11]} 55. Qh7# {[%emt 00:00:02]}
1-0

[Event "DVM U10 2023"]
[Site "Magdeburg GER"]
[Date "2023.12.28"]
[Round "3"]
[White "Merle, Atreyu Lukas"]
[Black "Artarov, Rina"]
[Result "1-0"]
[Termination "normal"]
[Board "1.4"]
[WhiteElo "1075"]
[BlackElo "1044"]
[WhiteClock "00:36:50"]
[BlackClock "00:25:03"]
[WhiteTeam "TV Tegernsee"]
[BlackTeam "SK Münster 32"]
[PlyCount "31"]
[WhiteFideId "34670033"]
[EventCountry "GER"]
[EventRounds "7"]
[EventType "team-swiss"]
[EventDate "2023.12.27"]

1. e4 {[%clk 00:55:08]} {[%emt 00:00:01]} e6 {[%clk 00:54:58]} {[%emt
00:00:12]} 2. d4 {[%clk 00:55:05]} {[%emt 00:00:09]} d5 {[%clk 00:54:57]}
{[%emt 00:00:05]} 3. Nc3 {[%clk 00:55:02]} {[%emt 00:00:10]} dxe4 {[%clk
00:54:47]} {[%emt 00:00:13]} 4. Nxe4 {[%clk 00:54:50]} {[%emt 00:00:17]} Bd7
{[%clk 00:54:34]} {[%emt 00:00:19]} 5. Bd3 {[%clk 00:53:54]} {[%emt 00:01:01]}
Bc6 {[%clk 00:54:30]} {[%emt 00:00:09]} 6. Bf4 {[%clk 00:52:58]} {[%emt
00:01:01]} Nf6 {[%clk 00:53:53]} {[%emt 00:00:42]} 7. Qe2 {[%clk 00:50:12]}
{[%emt 00:02:51]} g6 {[%clk 00:49:19]} {[%emt 00:04:39]} 8. Nf3 {[%clk
00:48:32]} {[%emt 00:01:45]} Bg7 {[%clk 00:48:23]} {[%emt 00:01:00]} 9. Nxf6+
{[%clk 00:47:17]} {[%emt 00:01:20]} Bxf6 {[%clk 00:47:00]} {[%emt 00:01:29]}
10. Be5 {[%clk 00:46:42]} {[%emt 00:00:40]} Bxf3 {[%clk 00:43:39]} {[%emt
00:03:25]} 11. Qxf3 {[%clk 00:46:31]} {[%emt 00:00:17]} Bxe5 {[%clk 00:42:18]}
{[%emt 00:01:25]} 12. dxe5 {[%clk 00:46:15]} {[%emt 00:00:21]} c6 {[%emt
00:05:31]} 13. O-O {[%clk 00:41:53]} {[%emt 00:02:19]} Qd4 {[%clk 00:34:41]}
{[%emt 00:04:25]} 14. Qf6 {[%clk 00:38:30]} {[%emt 00:03:29]} Rg8 {[%clk
00:32:47]} {[%emt 00:01:58]} 15. Rad1 {[%clk 00:37:44]} {[%emt 00:00:51]} Qxb2
{[%clk 00:25:03]} {[%emt 00:07:49]} 16. Bxg6 {[%clk 00:36:50]} {[%emt
00:00:59]} 1-0

[Event "DVM U10 2023"]
[Site "Magdeburg GER"]
[Date "2023.12.28"]
[Round "3"]
[White "Sutharjan, Dakxwin"]
[Black "Berger, Friedrich Richard"]
[Result "1-0"]
[Termination "normal"]
[Board "2.1"]
[WhiteElo "1658"]
[BlackElo "1496"]
[WhiteClock "00:35:44"]
[BlackClock "00:16:55"]
[WhiteTeam "SF Brackel 1930"]
[BlackTeam "TSG Oberschöneweide"]
[PlyCount "77"]
[WhiteFideId "34606548"]
[BlackFideId "34663169"]
[EventCountry "GER"]
[EventRounds "7"]
[EventType "team-swiss"]
[EventDate "2023.12.27"]

1. e4 {[%clk 00:55:08]} {[%emt 00:00:01]} e5 {[%clk 00:55:07]} {[%emt
00:00:04]} 2. Nf3 {[%clk 00:55:07]} {[%emt 00:00:06]} Nc6 {[%clk 00:55:09]}
{[%emt 00:00:03]} 3. d4 {[%clk 00:55:05]} {[%emt 00:00:07]} exd4 {[%clk
00:55:09]} {[%emt 00:00:06]} 4. Nxd4 {[%clk 00:54:48]} {[%emt 00:00:21]} Nf6
{[%clk 00:53:03]} {[%emt 00:02:11]} 5. Nxc6 {[%clk 00:54:42]} {[%emt 00:00:10]}
bxc6 {[%clk 00:53:02]} {[%emt 00:00:07]} 6. e5 {[%clk 00:54:37]} {[%emt
00:00:10]} Nd5 {[%clk 00:52:51]} {[%emt 00:00:16]} 7. c4 {[%clk 00:54:34]}
{[%emt 00:00:07]} Nb6 {[%clk 00:52:32]} {[%emt 00:00:26]} 8. Bd3 {[%clk
00:53:29]} {[%emt 00:01:10]} Be7 {[%clk 00:50:41]} {[%emt 00:01:56]} 9. O-O
{[%clk 00:53:25]} {[%emt 00:00:08]} O-O {[%clk 00:50:17]} {[%emt 00:00:29]} 10.
Nc3 {[%emt 00:00:48]} d6 {[%clk 00:48:06]} {[%emt 00:02:10]} 11. exd6 {[%clk
00:52:20]} {[%emt 00:00:33]} cxd6 {[%clk 00:47:59]} {[%emt 00:00:12]} 12. Qc2
{[%clk 00:51:58]} {[%emt 00:00:26]} h6 {[%clk 00:47:23]} {[%emt 00:00:42]} 13.
Be3 {[%clk 00:51:42]} {[%emt 00:00:20]} Nd7 {[%clk 00:47:02]} {[%emt 00:00:27]}
14. Rad1 {[%clk 00:49:21]} {[%emt 00:02:25]} Ne5 {[%emt 00:00:59]} 15. Rfe1
{[%clk 00:48:41]} {[%emt 00:00:43]} Nxd3 {[%clk 00:44:55]} {[%emt 00:01:21]}
16. Qxd3 {[%clk 00:48:34]} {[%emt 00:00:12]} Ba6 {[%clk 00:41:39]} {[%emt
00:03:22]} 17. b3 {[%clk 00:47:33]} {[%emt 00:01:05]} Qc7 {[%clk 00:39:29]}
{[%emt 00:02:14]} 18. Bf4 {[%clk 00:47:25]} {[%emt 00:00:14]} Rad8 {[%clk
00:38:21]} {[%emt 00:01:14]} 19. Qg3 {[%clk 00:47:17]} {[%emt 00:00:12]} Bf6
{[%clk 00:35:08]} {[%emt 00:03:18]} 20. Ne4 {[%clk 00:46:42]} {[%emt 00:00:39]}
Be5 {[%clk 00:34:45]} {[%emt 00:00:29]} 21. Bxe5 {[%clk 00:44:51]} {[%emt
00:01:56]} dxe5 {[%clk 00:34:41]} {[%emt 00:00:09]} 22. h3 {[%clk 00:43:13]}
{[%emt 00:01:42]} Bc8 {[%clk 00:32:44]} {[%emt 00:02:03]} 23. Nc3 {[%clk
00:38:52]} {[%emt 00:04:26]} Rxd1 {[%clk 00:31:49]} {[%emt 00:00:59]} 24. Rxd1
{[%clk 00:38:48]} {[%emt 00:00:09]} Re8 {[%clk 00:30:49]} {[%emt 00:01:06]} 25.
Ne4 {[%clk 00:38:43]} {[%emt 00:00:09]} Re6 {[%clk 00:30:17]} {[%emt 00:00:38]}
26. Qd3 {[%clk 00:38:02]} {[%emt 00:00:46]} Kf8 {[%clk 00:28:31]} {[%emt
00:01:52]} 27. Nc5 {[%clk 00:37:52]} {[%emt 00:00:14]} Re7 {[%clk 00:27:14]}
{[%emt 00:01:22]} 28. Qd8+ {[%clk 00:36:45]} {[%emt 00:01:11]} Qxd8 {[%clk
00:27:09]} {[%emt 00:00:11]} 29. Rxd8+ {[%clk 00:36:43]} {[%emt 00:00:07]} Re8
{[%clk 00:27:05]} {[%emt 00:00:10]} 30. Rd6 {[%clk 00:36:34]} {[%emt 00:00:13]}
Ke7 {[%clk 00:25:10]} {[%emt 00:01:59]} 31. Rxc6 {[%clk 00:36:22]} {[%emt
00:00:17]} Rd8 {[%clk 00:24:27]} {[%emt 00:00:49]} 32. Na4 {[%clk 00:36:10]}
{[%emt 00:00:18]} Rd1+ {[%clk 00:19:05]} {[%emt 00:05:26]} 33. Kh2 {[%clk
00:36:03]} {[%emt 00:00:12]} Bd7 {[%clk 00:19:06]} {[%emt 00:00:05]} 34. Rc7
{[%clk 00:36:01]} {[%emt 00:00:07]} Rd2 {[%clk 00:18:33]} {[%emt 00:00:37]} 35.
Nc5 {[%clk 00:35:56]} {[%emt 00:00:10]} Ke8 {[%clk 00:17:04]} {[%emt 00:01:34]}
36. Rxd7 {[%clk 00:35:49]} {[%emt 00:00:12]} Rxd7 {[%clk 00:16:58]} {[%emt
00:00:11]} 37. Nxd7 {[%clk 00:35:50]} {[%emt 00:00:04]} Kxd7 {[%clk 00:16:58]}
38. Kg3 {[%clk 00:35:48]} {[%emt 00:00:12]} Kd6 {[%clk 00:16:55]} {[%emt
00:00:09]} 39. b4 {[%clk 00:35:44]} {[%emt 00:00:09]} 1-0

[Event "DVM U10 2023"]
[Site "Magdeburg GER"]
[Date "2023.12.28"]
[Round "3"]
[White "Varazi, Maxime"]
[Black "Rogner, Alexander Luis"]
[Result "0-1"]
[Termination "normal"]
[Board "2.2"]
[WhiteElo "1127"]
[BlackElo "1531"]
[WhiteClock "00:36:34"]
[BlackClock "00:09:00"]
[WhiteTeam "TSG Oberschöneweide"]
[BlackTeam "SF Brackel 1930"]
[PlyCount "74"]
[WhiteFideId "34618929"]
[BlackFideId "34606556"]
[EventCountry "GER"]
[EventRounds "7"]
[EventType "team-swiss"]
[EventDate "2023.12.27"]

1. e4 {[%clk 00:55:08]} {[%emt 00:00:01]} e5 {[%clk 00:55:06]} {[%emt
00:00:05]} 2. Nf3 {[%clk 00:55:07]} {[%emt 00:00:05]} Nc6 {[%clk 00:55:07]}
{[%emt 00:00:05]} 3. d4 {[%clk 00:55:07]} {[%emt 00:00:05]} exd4 {[%clk
00:55:00]} {[%emt 00:00:11]} 4. Bc4 {[%clk 00:55:05]} {[%emt 00:00:07]} Nf6
{[%clk 00:54:42]} {[%emt 00:00:23]} 5. O-O {[%clk 00:55:00]} {[%emt 00:00:09]}
d5 {[%clk 00:53:30]} {[%emt 00:01:18]} 6. exd5 {[%clk 00:54:56]} {[%emt
00:00:10]} Nxd5 {[%clk 00:53:27]} {[%emt 00:00:08]} 7. Nxd4 {[%clk 00:54:53]}
{[%emt 00:00:08]} Be7 {[%clk 00:47:48]} {[%emt 00:05:44]} 8. Re1 {[%clk
00:54:06]} {[%emt 00:00:50]} Nb6 {[%emt 00:04:43]} 9. Nxc6 {[%clk 00:53:05]}
{[%emt 00:01:05]} Qxd1 {[%clk 00:42:27]} {[%emt 00:00:50]} 10. Rxd1 {[%clk
00:52:52]} {[%emt 00:00:18]} Nxc4 {[%clk 00:40:31]} {[%emt 00:02:01]} 11. Nxe7
{[%clk 00:52:26]} {[%emt 00:00:30]} Kxe7 {[%clk 00:40:32]} {[%emt 00:00:06]}
12. b3 {[%clk 00:52:19]} {[%emt 00:00:11]} Nb6 {[%clk 00:34:57]} {[%emt
00:05:40]} 13. Bb2 {[%clk 00:52:15]} {[%emt 00:00:09]} f6 {[%clk 00:34:34]}
{[%emt 00:00:28]} 14. Nc3 {[%clk 00:52:09]} {[%emt 00:00:11]} Bf5 {[%clk
00:31:49]} {[%emt 00:02:51]} 15. Re1+ {[%clk 00:51:52]} {[%emt 00:00:22]} Kf7
{[%clk 00:31:41]} {[%emt 00:00:13]} 16. Re2 {[%clk 00:51:37]} {[%emt 00:00:20]}
Rhe8 {[%clk 00:30:00]} {[%emt 00:01:46]} 17. Rd2 {[%clk 00:51:22]} {[%emt
00:00:20]} Rad8 {[%clk 00:29:31]} {[%emt 00:00:34]} 18. Rxd8 {[%clk 00:50:57]}
{[%emt 00:00:29]} Rxd8 {[%clk 00:29:25]} {[%emt 00:00:12]} 19. Rc1 {[%clk
00:50:56]} {[%emt 00:00:05]} a6 {[%clk 00:26:36]} {[%emt 00:02:55]} 20. Ne2
{[%clk 00:49:11]} {[%emt 00:01:49]} Bxc2 {[%clk 00:18:29]} {[%emt 00:08:12]}
21. Nd4 {[%clk 00:49:04]} {[%emt 00:00:11]} Bg6 {[%clk 00:18:01]} {[%emt
00:00:33]} 22. Rxc7+ {[%clk 00:49:01]} {[%emt 00:00:08]} Rd7 {[%clk 00:17:56]}
{[%emt 00:00:11]} 23. Rc1 {[%clk 00:48:45]} {[%emt 00:00:21]} Nd5 {[%clk
00:13:00]} {[%emt 00:05:01]} 24. f3 {[%clk 00:42:01]} {[%emt 00:06:49]} Nb4
{[%clk 00:12:25]} {[%emt 00:00:41]} 25. a3 {[%clk 00:41:47]} {[%emt 00:00:19]}
Nd3 {[%clk 00:12:24]} {[%emt 00:00:06]} 26. Rc2 {[%clk 00:37:17]} {[%emt
00:04:35]} Nxb2 {[%clk 00:12:22]} {[%emt 00:00:07]} 27. Rxb2 {[%clk 00:37:17]}
{[%emt 00:00:04]} Rxd4 {[%clk 00:12:22]} {[%emt 00:00:05]} 28. Kf2 {[%clk
00:37:17]} {[%emt 00:00:05]} Ke7 {[%clk 00:11:32]} {[%emt 00:00:56]} 29. Re2+
{[%clk 00:37:05]} {[%emt 00:00:17]} Kd7 {[%clk 00:11:00]} {[%emt 00:00:37]} 30.
Re3 {[%clk 00:36:47]} {[%emt 00:00:22]} Rd3 {[%clk 00:10:48]} {[%emt 00:00:17]}
31. Rxd3+ {[%clk 00:36:34]} {[%emt 00:00:17]} Bxd3 {[%clk 00:10:41]} {[%emt
00:00:13]} 32. Ke3 {[%clk 00:36:36]} {[%emt 00:00:03]} Bc2 {[%clk 00:09:54]}
{[%emt 00:00:52]} 33. b4 {[%clk 00:36:37]} {[%emt 00:00:04]} Ke6 {[%clk
00:09:48]} {[%emt 00:00:11]} 34. Kd4 {[%clk 00:36:40]} {[%emt 00:00:03]} Kd6
{[%clk 00:09:39]} {[%emt 00:00:14]} 35. g4 {[%clk 00:36:38]} {[%emt 00:00:06]}
Bd1 {[%clk 00:09:31]} {[%emt 00:00:12]} 36. Ke3 {[%clk 00:36:37]} {[%emt
00:00:07]} Kd5 {[%clk 00:09:12]} {[%emt 00:00:25]} 37. h3 {[%clk 00:36:34]}
{[%emt 00:00:07]} Kc4 {[%clk 00:09:00]} {[%emt 00:00:18]} 0-1